Antología : (Registro nro. 6917)
[ vista simple ]
| 000 -LEADER | |
|---|---|
| fixed length control field | 02392nam a22002297a 4500 |
| 003 - CONTROL NUMBER IDENTIFIER | |
| control field | OSt |
| 005 - DATE AND TIME OF LATEST TRANSACTION | |
| control field | 20201015092803.0 |
| 008 - FIXED-LENGTH DATA ELEMENTS--GENERAL INFORMATION | |
| fixed length control field | 201015t2007 ck ||||gr|||| 10| 1dspa d |
| 040 ## - CATALOGING SOURCE | |
| Original cataloging agency | CO-JMCR |
| Transcribing agency | CO-JMCR |
| 041 0# - LANGUAGE CODE | |
| Language code of text/sound track or separate title | spa |
| 082 04 - DEWEY DECIMAL CLASSIFICATION NUMBER | |
| Classification number | 860.8 / |
| Item number | F356a |
| Edition number | 23 |
| 111 2# - MAIN ENTRY--MEETING NAME | |
| Meeting name or jurisdiction name as entry element | Feria Internacional del Libro de Guadalajara |
| Number of part/section/meeting | (21o. : |
| Date of meeting or treaty signing | 2007) |
| 9 (RLIN) | 11539 |
| 245 10 - TITLE STATEMENT | |
| Title | Antología : |
| Remainder of title | 58 escritores colombianos / |
| Statement of responsibility, etc. | 21 Feria Internacional del Libro de Guadalajara |
| 260 ## - PUBLICATION, DISTRIBUTION, ETC. | |
| Place of publication, distribution, etc. | Bogotá : |
| Name of publisher, distributor, etc. | Ministerio de Relaciones Exteriores, |
| Date of publication, distribution, etc. | ©2007 |
| 300 ## - PHYSICAL DESCRIPTION | |
| Extent | 353 páginas ; |
| Dimensions | 18 cm. |
| 500 ## - GENERAL NOTE | |
| General note | Incluye datos biográficos de los autores |
| 505 0# - FORMATTED CONTENTS NOTE | |
| Formatted contents note | Hector Abad Faciolince -- Marco Tulio Aguilera Garramuño -- Luis Felipe Barrientos Moreno -- Piedad Bonnett -- Ricardo Cano Gaviria -- Germán Castro Caycedo -- Hugo Chaparro Valderrama -- Óscar Collazos -- Juan Esteban Constaín -- Ivar da Coll -- Luis Fayad -- Jorge Franco -- Santiago Gamboa -- Antonio García Ángel -- Ramón Gil Barros -- Guillermo González Uribe -- Tomás González -- Abadio Green Stócel -- Wilder Guerra -- Hugo Jamioy Juagibioy -- Darío Jaramillo Agudelo -- John Jairo Junieles -- Mario Jursich Durán -- Patricia Lara -- Miguel Ángel López Hernández -- Pilar Lozano -- Gonzalo Mallarino Flórez -- Efraim Medina -- Juan Diego Mejía -- Jorge Orlando Melo -- Moisés Melo -- Mario Mendoza -- Álvaro Miranda -- Alfredo Molano Bravo -- Nahum Montt -- Santiago Mutis -- William Ospina -- Julio Paredes -- Amalia Lu Posso Figueroa -- Pilar Quintana -- Alberto Quiroga -- Fernando Quiroz -- Yolanda Reyes -- Juan Manuel Roca -- Celso Román -- Sandro Romero Rey -- Roberto Rubiano Vargas -- Alberto Salcedo Ramos -- Daniel Samper Pizano / Pilar Tafur Archila -- Gonzalo Sánchez Gómez --Enrique Serrano -- Ricardo Silva Romero -- Antonio Ungar -- Cristian Valencia Hurtado -- Alfredo Vanín Romero -- Mauricio Vargas -- Juan Gabriel Vásquez |
| 520 3# - SUMMARY, ETC. | |
| Summary, etc. | Los ministerios de Relaciones Exteriores y de Cultura presentan esta antología de la literatura colombiana que recoge obras -ensayos, narrativa, poemas- de los creadores literarios presentes en la 21 Feria Internacional del Libro de Guadalajara, espacio que nos honra al designarnos como su país invitado de honor. |
| 650 14 - SUBJECT ADDED ENTRY--TOPICAL TERM | |
| Topical term or geographic name entry element | Literatura colombiana |
| General subdivision | historia y crítica |
| 9 (RLIN) | 11540 |
| 650 24 - SUBJECT ADDED ENTRY--TOPICAL TERM | |
| Topical term or geographic name entry element | Literatura colombiana |
| Form subdivision | colecciones de escritos |
| 9 (RLIN) | 11541 |
| 942 ## - ADDED ENTRY ELEMENTS (KOHA) | |
| Source of classification or shelving scheme | Dewey Decimal Classification |
| Koha item type | Books |
| Withdrawn status | Lost status | Source of classification or shelving scheme | Damaged status | Not for loan | Collection code | Home library | Current library | Date acquired | Source of acquisition | Full call number | Barcode | Date last seen | Copy number | Price effective from | Koha item type |
|---|---|---|---|---|---|---|---|---|---|---|---|---|---|---|---|
| Dewey Decimal Classification | Fiction | Biblioteca Pública José María del Castillo y Rada | Biblioteca Pública José María del Castillo y Rada | 04/15/2018 | Donación | 860.8 / F356a | 201810080 | 05/16/2024 | Ej.1 | 10/15/2020 | Books |